000 00632nam a22001937a 4500
005 20100816143423.0
010 _aENG-100671
020 _a9789380870014
_c250.00
035 _aEN-84204
037 _bDBAD/PUB
082 _aS
100 _aBompas, Cecil Henry
_914027
245 _aThe school boy and the bonga and the other stories /
_cby Cecil Henry Bompas
260 _aNew Delhi
_bA. B.S.
_c2010
270 _bNew Delhi
_e
300 1 _a156p.
_c22cm (Hb)
942 _2ddc
_cEN
_hS
_mBOM
999 _c42159
_d42159